Datum a čas kvízu
20
Celkem bodů
Celkový počet nahraných bodů na tomto kvízu bez doplňovacích otázek.
5.
Pořadí na kvízu
Konečné umístění týmu na tomto kvízu.
Zaznamenané odpovědi
| # | Otázka | Odpověď | Body | Výsledky |
|---|---|---|---|---|
| 1. | Tzv. Turistická sjezdovka na K... | splašky | 1 | |
| 2. | V pondělí jsme se dozvěděli o... | Starbucks | 1 | |
| 3. | Minulý týden jsme se dozvěděli... | o akvadukt | 0 | |
| 4. | Americká společnost Alphabet,... | Wiz | 0 | |
| 5. | Jak se jmenuje vítěz ankety Fo... | Tomáš Souček; West Ham (United) | 0 | |
| 6. | Podíváme se na temné stránky d... | Jan Želivský | 1 | |
| 7. | Doba pobělohorská znamenala zá... | Obnovené zřízení zemské | 0 | |
| 8. | První světová válka znamenala... | Zborov | 0 | |
| 9. | V období tzv. Protektorátu se... | Josef Balabán, Josef Mašín, Václav Morávek | 0 | |
| 10. | Seřaďte tyto komunistické prez... | 1B 2C 3A 4D | 0 |